[Event " ch N1"]
[Site "Cappelle la Grande"]
[Date "2006.10.15"]
[Round "1.1"]
[White "Gharamian, Tigran"]
[Black "Carlier, Bruno"]
[Result "1-0"]
[WhiteElo "2467"]
[BlackElo "2437"]
[PlyCount "147"]
[EventDate "2006.10.15"]

1. e4 d6 2. d4 g6 3. Nc3 Bg7 4. f4 Nf6 5. Nf3 c5 6. Bb5+ Bd7 7. e5 Ng4 8. Bxd7+
Qxd7 9. d5 dxe5 10. h3 e4 11. hxg4 exf3 12. Qxf3 Na6 13. Bd2 O-O-O 14. O-O-O
Nc7 15. Be1 f5 16. gxf5 Qxf5 17. g4 Qf7 18. Bg3 h5 19. f5 hxg4 20. Qf4 Na6 21.
Nb5 Rxd5 22. Rxh8+ Bxh8 23. Qxg4 gxf5 24. Rxd5 Qxd5 25. Qh5 Kd7 26. Qxh8 Qf3
27. Qh3 Qe3+ 28. Kd1 Qf3+ 29. Kc1 Qe3+ 30. Kd1 Qf3+ 31. Kd2 Nb4 32. Nc3 Nc6 33.
Qh2 Nd4 34. Be5 Nc6 35. Bg3 Nd4 36. Be5 Nc6 37. a3 b5 38. Bf4 b4 39. axb4 cxb4
40. Ne2 e5 41. Qh7+ Kd6 42. Qg6+ Kc5 43. Be3+ Kb5 44. Qf7 Ka6 45. Qc4+ Kb7 46.
Qb5+ Ka8 47. Qd3 Kb7 48. Qd7+ Ka6 49. c3 Qe4 50. cxb4 Qxb4+ 51. Kd1 Qb3+ 52.
Ke1 Qxe3 53. Qxc6+ Ka5 54. Qc7+ Kb4 55. Qd6+ Ka5 56. Qc7+ Kb4 57. Qd6+ Ka5 58.
Qd8+ Ka4 59. Qd5 f4 60. Qc4+ Ka5 61. Kd1 f3 62. Qc7+ Kb4 63. Qb7+ Ka5 64. Nc3
Qg1+ 65. Kc2 Qg6+ 66. Kd2 Qg5+ 67. Kd3 Qg6+ 68. Kd2 Qg5+ 69. Kd1 Qg1+ 70. Kc2
Qg6+ 71. Ne4 f2 72. b4+ Ka4 73. Kc3 a5 74. bxa5 1-0

[Event " ch N1"]
[Site "Cappelle la Grande"]
[Date "2006.10.15"]
[Round "1.2"]
[White "Hareux, Hubert"]
[Black "Cappon, John"]
[Result "1/2-1/2"]
[WhiteElo "2237"]
[BlackElo "2240"]
[PlyCount "34"]
[EventDate "2006.10.15"]

1. d4 d5 2. c4 c6 3. e3 Nf6 4. Nf3 a6 5. Bd3 Bg4 6. Nbd2 Nbd7 7. O-O e6 8. b3
Bb4 9. Qc2 O-O 10. Bb2 Re8 11. Ne5 Bh5 12. Ndf3 Bd6 13. c5 Bc7 14. Nxd7 Bxf3
15. Nxf6+ Qxf6 16. gxf3 Qg5+ 17. Kh1 $11 Qh5 1/2-1/2

[Event " ch N1"]
[Site "Cappelle la Grande"]
[Date "2006.10.15"]
[Round "1.3"]
[White "Bouhallel, Rabah"]
[Black "Jossien, Remy"]
[Result "0-1"]
[WhiteElo "2330"]
[BlackElo "2263"]
[PlyCount "58"]
[EventDate "2006.10.15"]

1. d3 e5 2. Nd2 g6 3. Ngf3 Bg7 4. e4 Ne7 5. g3 Nbc6 6. Bg2 h6 7. O-O d6 8. c3
Be6 9. Re1 Qd7 10. Nf1 Bh3 11. Bh1 g5 12. Ne3 O-O 13. d4 f5 14. exf5 exd4 15.
Nxd4 Nxd4 16. cxd4 Nxf5 17. Nxf5 Qxf5 18. Be3 c6 19. Qd2 Rae8 20. f3 Qd5 21.
Bf2 Rxe1+ 22. Rxe1 Qxa2 23. Qb4 Qd5 24. Re7 a5 25. Qd2 b5 26. Re1 Kh8 27. f4
Qc4 28. fxg5 Rxf2 $1 29. Kxf2 Bxd4+ 0-1

[Event " ch N1"]
[Site "Cappelle la Grande"]
[Date "2006.10.15"]
[Round "1.4"]
[White "Jossien, Arnaud"]
[Black "Julve, Philippe"]
[Result "0-1"]
[WhiteElo "2322"]
[BlackElo "2220"]
[PlyCount "117"]
[EventDate "2006.10.15"]

1. d4 g6 2. c4 Bg7 3. Nc3 d6 4. e4 Nc6 5. d5 Nd4 6. Be3 c5 7. Nge2 Qb6 8. Qd2
e5 9. dxe6 fxe6 10. O-O-O e5 11. Nd5 Qc6 12. h4 Be6 13. Nec3 Nf6 14. Bh6 Qd7
15. Bd3 Bxd5 16. exd5 Bxh6 17. Qxh6 O-O-O 18. Kb1 Rhf8 19. Rdf1 Rf7 20. f4 e4
21. Nxe4 Nxe4 22. Bxe4 Re8 23. Bd3 Re3 24. Rh3 Rxh3 25. gxh3 Qxh3 26. Rd1 Qf3
27. Kc1 Rxf4 28. a3 Rg4 29. Re1 Nb3+ 30. Kc2 Rg2+ 31. Kxb3 Qxd3+ 32. Ka2 Qxc4+
33. Ka1 Qxd5 34. Qg7 Re2 35. Rf1 Re8 36. Qxh7 Qe4 37. Rd1 Re7 38. Qh8+ Kc7 39.
Qf6 Qe6 40. Qf4 a6 41. Qf8 Rf7 42. Qg8 Rf6 43. Qh8 Qf7 44. Re1 Rf1 45. Rxf1
Qxf1+ 46. Ka2 Qf7+ 47. Ka1 d5 48. Qe5+ Kc6 49. Qh8 d4 50. Qc8+ Kb5 51. Qd8 Qf1+
52. Ka2 Qc4+ 53. Ka1 d3 54. Qc7 Qd5 55. b3 Qxb3 56. Qxb7+ Kc4 57. Qf7+ Kc3 58.
Qf6+ Kc2 59. Qf2+ 0-1

[Event " ch N1"]
[Site "Cappelle la Grande"]
[Date "2006.10.15"]
[Round "1.5"]
[White "Vallet, Marc"]
[Black "Marchyllie, Bruno"]
[Result "0-1"]
[WhiteElo "2177"]
[BlackElo "2161"]
[PlyCount "50"]
[EventDate "2006.10.15"]

1. e4 b6 2. d4 Bb7 3. Bd3 e6 4. Qe2 d5 5. e5 c5 6. c3 Qc8 7. Be3 Ba6 8. Bb5+
Bxb5 9. Qxb5+ Qd7 10. a4 Nc6 11. Ne2 c4 12. Nd2 a6 13. Qxb6 Qc8 14. b3 Rb8 15.
Qxb8 Nxb8 16. O-O cxb3 17. Rfb1 Ne7 18. Rxb3 Nec6 19. Rab1 Be7 20. c4 dxc4 21.
Nxc4 O-O 22. Nb6 Qd8 23. f4 a5 24. d5 exd5 25. Rd1 d4 0-1

[Event " ch N1"]
[Site "Cappelle la Grande"]
[Date "2006.10.15"]
[Round "1.6"]
[White "Couche, Didier"]
[Black "Briet, Guillaume"]
[Result "1-0"]
[WhiteElo "2119"]
[BlackElo "2128"]
[PlyCount "55"]
[EventDate "2006.10.15"]

1. d4 Nf6 2. c4 e5 3. dxe5 Ne4 4. Nf3 Nc6 5. Nbd2 Bb4 6. a3 Nxd2 7. Bxd2 Bxd2+
8. Qxd2 Qe7 9. Qc3 b6 10. g3 Bb7 11. Bh3 O-O-O 12. O-O-O Rhe8 13. Rd2 g5 14.
Rhd1 Nb8 15. Nd4 a6 16. f4 h5 17. Nf5 Qf8 18. Ne3 Qh6 19. c5 bxc5 20. Qxc5 gxf4
21. Nf5 Qc6 22. Rc2 Qxc5 23. Rxc5 Nc6 24. gxf4 f6 25. Ng7 Rf8 26. e6 f5 27.
exd7+ Kb8 28. Ne6 1-0

[Event " ch N1"]
[Site "Cappelle la Grande"]
[Date "2006.10.15"]
[Round "1.7"]
[White "Levaux, Christian"]
[Black "Platel, Alexandre"]
[Result "0-1"]
[WhiteElo "2062"]
[BlackElo "2161"]
[PlyCount "74"]
[EventDate "2006.10.15"]

1. Nf3 c5 2. c4 Nf6 3. Nc3 Nc6 4. g3 d5 5. cxd5 Nxd5 6. Bg2 Nc7 7. d3 e5 8. Be3
Ne6 9. Rc1 f6 10. O-O Be7 11. Nd2 O-O 12. Nd5 Rb8 13. f4 Bd7 14. Ne4 b6 15. Bd2
Kh8 16. Nec3 Rc8 17. Nxe7 Qxe7 18. Nd5 Qe8 19. e3 exf4 20. gxf4 Ne7 21. Nxe7
Qxe7 22. f5 Ng5 23. e4 Nf7 24. Rf3 Ne5 25. Rg3 Bb5 26. Bc3 Rfd8 27. Bxe5 Qxe5
28. b3 Rc7 29. Bf1 Qf4 30. Rc2 Qxe4 31. Qh5 Qe8 32. Qg4 Re7 33. Re2 Qf7 34. Re6
Bd7 35. Rxe7 Qxe7 36. Qf3 Bc8 37. Qf2 Qe5 0-1

[Event " ch N1"]
[Site "Cappelle la Grande"]
[Date "2006.10.15"]
[Round "1.8"]
[White "Husson, Cybele"]
[Black "Swiercz, Sandra"]
[Result "1-0"]
[WhiteElo "2051"]
[BlackElo "1945"]
[PlyCount "123"]
[EventDate "2006.10.15"]

1. e4 c5 2. b3 Nc6 3. Bb2 d6 4. Bb5 Bd7 5. Nf3 e6 6. O-O Nf6 7. Re1 Be7 8. Bxc6
Bxc6 9. e5 dxe5 10. Nxe5 Qd5 11. Nxc6 Qxc6 12. d3 O-O 13. Nd2 Rad8 14. Nc4 Rd5
15. Ne5 Qc7 16. Re3 Nd7 17. Nxd7 Qxd7 18. Rg3 Rg5 19. Rxg5 Bxg5 20. Qg4 Qe7 21.
Rb1 Bf6 22. Ba3 Qc7 23. Qa4 b6 24. Qe4 Rd8 25. Re1 Qd7 26. Bc1 Bc3 27. Re3 Qd5
28. Qg4 Bd4 29. Re2 a5 30. a4 Bf6 31. h3 Qd4 32. Qxd4 Bxd4 33. Bf4 Rd7 34. Kf1
Bc3 35. g4 Kf8 36. Re4 Ke7 37. Rc4 Bb2 38. Ke2 e5 39. Re4 Kf6 40. Bd2 Rd4 41.
c3 Rxe4+ $11 42. dxe4 Ke6 43. Kd3 Kd7 44. Kc2 Ba3 45. Kb1 c4 46. b4 Kc6 47. Ka2
axb4 48. cxb4 c3 49. Bxc3 Bc1 50. Bxe5 f6 51. Bd4 Bf4 52. Kb3 Bd6 53. Kc4 Bc7
54. b5+ Kd6 55. f4 Ke6 56. Be3 Bd8 57. a5 bxa5 58. b6 Kd7 59. Kb5 Kc8 60. Kxa5
Kb7 61. Kb5 Be7 62. Bc5 1-0

[Event " ch N1"]
[Site "Deauville"]
[Date "2006.10.15"]
[Round "1.1"]
[White "Tirard, Hugo"]
[Black "Todorov, Todor"]
[Result "1/2-1/2"]
[WhiteElo "2466"]
[BlackElo "2494"]
[PlyCount "82"]
[EventDate "2006.10.15"]

1. e4 g6 2. d4 Bg7 3. Nc3 d6 4. Be3 c6 5. Qd2 Nd7 6. Nf3 b5 7. Bd3 Bb7 8. O-O
Qc7 9. a4 b4 10. Ne2 c5 11. c3 c4 12. Bb1 b3 13. d5 a5 14. Ned4 Ba6 15. Ng5 Nc5
16. Qe2 Qb6 17. Ngf3 Nf6 18. Nd2 O-O 19. Nb5 Bxb5 20. axb5 Qxb5 21. Qxc4 Qxc4
22. Nxc4 Nfxe4 23. Rxa5 Rxa5 24. Nxa5 Ra8 25. Nxb3 Rb8 26. Nxc5 Nxc5 27. Bxc5
dxc5 28. b4 cxb4 29. cxb4 Rxb4 30. Rd1 Bd4 31. Kf1 Kg7 32. Bd3 Rb2 33. Be2 Bc5
34. g3 Rc2 35. Rd3 h5 36. h3 Kf8 37. Rf3 Bd4 38. Bd3 Rc7 39. Kg2 Kg7 40. Rf4
Be5 41. Ra4 Bd6 1/2-1/2

[Event " ch N1"]
[Site "Deauville"]
[Date "2006.10.15"]
[Round "1.2"]
[White "Chomet, Pascal"]
[Black "Colin, Vincent"]
[Result "0-1"]
[WhiteElo "2365"]
[BlackElo "2418"]
[PlyCount "82"]
[EventDate "2006.10.15"]

1. e4 c5 2. Nc3 Nc6 3. Nf3 g6 4. Bb5 Bg7 5. O-O Nd4 6. Nxd4 cxd4 7. Ne2 Nf6 8.
d3 O-O 9. c3 dxc3 10. Nxc3 d5 11. e5 Nd7 12. d4 Nb6 13. Qe2 Be6 14. h3 a6 15.
Bd3 Qd7 16. f4 f6 17. Be3 fxe5 18. fxe5 Bf5 19. Bxf5 Rxf5 20. Rxf5 gxf5 21. Rf1
Rf8 22. Qd3 e6 23. Bg5 Na4 24. Nxa4 Qxa4 25. Rc1 h6 26. Be7 Rf7 27. Ba3 Qe8 28.
Rc3 Rd7 29. Qc2 Kh7 30. Qa4 Qf7 31. Bd6 h5 32. Qd1 Bh6 33. Qf3 Qg6 34. a4 Rf7
35. b4 f4 36. Kh2 Bg5 37. Qd3 Qxd3 38. Rxd3 Kg6 39. a5 Kf5 40. Bc5 Ke4 41. Rf3
Be7 0-1

[Event " ch N1"]
[Site "Deauville"]
[Date "2006.10.15"]
[Round "1.3"]
[White "Godard, Maxence"]
[Black "Bernard, Vincent"]
[Result "1-0"]
[WhiteElo "2309"]
[BlackElo "2230"]
[PlyCount "133"]
[EventDate "2006.10.15"]

1. c4 c5 2. g3 g6 3. Bg2 Bg7 4. Nc3 Nc6 5. a3 a6 6. Rb1 Rb8 7. b4 cxb4 8. axb4
b5 9. cxb5 axb5 10. Nf3 Nf6 11. d4 d5 12. Bf4 Rb6 13. Ne5 Bf5 14. Rc1 Nb8 15.
Qb3 Be6 16. O-O O-O 17. Rfd1 Na6 18. Nd3 Ne4 19. Nc5 Nxc3 20. Rxc3 Bg4 21. Rd2
h6 22. Rc1 g5 23. Be5 e6 24. Bxg7 Kxg7 25. Ra1 Nb8 26. Qc3 Qd6 27. e4 Nc6 28.
e5 Qe7 29. Rf1 Bf5 30. f4 g4 31. Ra1 Rd8 32. Rda2 h5 33. Ra6 Rdb8 34. Rxb6 Rxb6
35. Ra8 Rb8 36. Ra6 Nd8 37. Kf2 Qc7 38. Ke3 Kg6 39. Bxd5 Rb6 40. Rxb6 Qxb6 41.
Bg2 Qa7 42. Qb2 Qc7 43. Kd2 Nc6 44. Kc3 Ne7 45. Qa2 Qd8 46. Qa8 Qc7 47. Qb7 Qd8
48. Qd7 Nd5+ 49. Bxd5 Qxd7 50. Nxd7 exd5 51. Nf6 Be6 52. Kd2 Kf5 53. Ke3 Kg6
54. Ke2 Kf5 55. Kf2 h4 56. gxh4 Kxf4 57. h5 Kg5 58. Kg3 Bf5 59. Nxd5 Kxh5 60.
Nf6+ Kg5 61. d5 Bc8 62. d6 Bf5 63. d7 Bxd7 64. Nxd7 Kf5 65. Nc5 Kxe5 66. Kxg4
f5+ 67. Kf3 1-0

[Event " ch N1"]
[Site "Deauville"]
[Date "2006.10.15"]
[Round "1.4"]
[White "Toma, Michal"]
[Black "Coursaget, Nicolas"]
[Result "1-0"]
[WhiteElo "2214"]
[BlackElo "2323"]
[PlyCount "59"]
[EventDate "2006.10.15"]

1. e4 c5 2. Nc3 Nc6 3. g3 g6 4. Bg2 Bg7 5. d3 d6 6. f4 e6 7. Nf3 Nge7 8. O-O
Rb8 9. Be3 Nd4 10. Qd2 Nec6 11. Nd1 O-O 12. c3 Nxf3+ 13. Bxf3 Qa5 14. h4 Ne7
15. g4 f5 16. gxf5 gxf5 17. h5 Bh6 18. Qh2 Qb5 19. c4 Qb6 20. Rc1 Kf7 21. Rc2
Rg8+ 22. Kh1 Bd7 23. Qh4 Qd8 24. Rg2 Rxg2 25. Bxg2 Qh8 26. e5 dxe5 27. Bxc5 Nc6
28. fxe5 Rg8 29. d4 Rg4 30. Qxg4 1-0

[Event " ch N1"]
[Site "Deauville"]
[Date "2006.10.15"]
[Round "1.5"]
[White "Fruteau, Sabine"]
[Black "Guichard, Pauline"]
[Result "1/2-1/2"]
[WhiteElo "2145"]
[BlackElo "2287"]
[PlyCount "134"]
[EventDate "2006.10.15"]

1. e4 c5 2. Nc3 Nc6 3. g3 g6 4. Bg2 Bg7 5. d3 d6 6. Be3 e5 7. Qd2 Rb8 8. f4
Nge7 9. Nf3 Nd4 10. O-O O-O 11. Kh1 b6 12. Rf2 Bb7 13. Raf1 Nxf3 14. Bxf3 d5
15. exd5 Nxd5 16. fxe5 Bxe5 17. Bh6 Re8 18. Ne2 f5 19. c3 Nf6 20. Kg1 Bxf3 21.
Rxf3 Qd5 22. a3 Ng4 23. Bf4 Rb7 24. h3 Nf6 25. Bh6 Rbe7 26. Qg5 Kh8 27. Nf4 Qf7
28. Qh4 Bxf4 29. Qxf4 Nd5 30. Qc1 Re2 31. c4 Nf6 32. Re3 R8xe3 33. Bxe3 Qe6 34.
Re1 Rxe1+ 35. Qxe1 Kg8 36. Bf2 Qxe1+ 37. Bxe1 Kf7 38. Kf2 Ke6 39. Ke3 g5 40.
Kf3 Nd7 41. Bc3 Ne5+ 42. Ke2 a5 43. a4 f4 44. Be1 Nc6 45. gxf4 Nd4+ 46. Kf2
gxf4 47. Bc3 Nb3 48. Ke2 Kf5 49. Be1 Nd4+ 50. Kf1 Nf3 51. Bf2 Ke5 52. Kg2 Ng5
53. Bg1 h5 54. Bf2 Nf7 55. Kf3 Ng5+ 56. Kg2 Kf5 57. Bh4 f3+ 58. Kg3 f2 59. Kxf2
Nxh3+ 60. Kf3 Ng5+ 61. Kg3 Ne6 62. Kf3 Nd4+ 63. Kg3 Nc6 64. Kf3 Nd4+ 65. Kg3
Nc6 66. Kf3 Ke5 67. Ke3 Kf5 1/2-1/2

[Event " ch N1"]
[Site "Deauville"]
[Date "2006.10.15"]
[Round "1.6"]
[White "Dumitran, Octavian"]
[Black "Amoyal, Pierre"]
[Result "1-0"]
[WhiteElo "2249"]
[BlackElo "2167"]
[PlyCount "103"]
[EventDate "2006.10.15"]

1. Nf3 Nf6 2. c4 g6 3. Nc3 Bg7 4. e4 d6 5. d4 O-O 6. Be2 e5 7. Be3 Nc6 8. d5
Ne7 9. Nd2 c6 10. O-O c5 11. a3 Ne8 12. b4 b6 13. f3 f5 14. g4 f4 15. Bf2 h5
16. h4 Bd7 17. g5 Qc8 18. Kh2 Nc7 19. Rg1 Rd8 20. Bf1 Ne8 21. Bg2 Bf8 $11 22.
Qf1 Kf7 23. Bh3 Bxh3 24. Qxh3 Qxh3+ 25. Kxh3 Nc8 26. Rgb1 Be7 27. Kg2 Rd7 28.
Kf1 Bd8 29. Ke2 Ke7 30. Kd3 Nc7 31. Be1 Ke8 32. Kc2 Rh7 33. Nb3 Re7 34. Nc1 Kd7
35. Nd3 Re8 36. Na4 cxb4 37. axb4 b5 38. Nc3 bxc4 39. Nb2 Nb6 40. Bf2 Be7 41.
Ra5 Reb8 42. Rba1 Rb7 43. b5 Nc8 44. Nxc4 Rab8 45. Bxa7 Nxa7 46. Rxa7 Bd8 47.
Rxb7 Rxb7 48. b6 Ne8 49. Ra6 Kc8 50. Kd3 Be7 51. Nb5 Kb8 52. Na5 1-0

[Event " ch N1"]
[Site "Deauville"]
[Date "2006.10.15"]
[Round "1.7"]
[White "Meaux, Xavier"]
[Black "Bremond, Eric"]
[Result "0-1"]
[WhiteElo "2102"]
[BlackElo "2244"]
[PlyCount "84"]
[EventDate "2006.10.15"]

1. d4 Nf6 2. c4 g6 3. Nc3 Bg7 4. e4 d6 5. Nge2 O-O 6. Ng3 h5 7. Be2 Nc6 8. d5
Ne5 9. O-O h4 10. Nh1 h3 11. g3 c6 12. f3 cxd5 13. cxd5 Qb6+ 14. Nf2 Bd7 15.
Kh1 Rac8 16. g4 e6 17. Nxh3 exd5 18. exd5 Nc4 19. Qb3 Qc5 20. Bxc4 Qxc4 21.
Qxc4 Rxc4 22. Bf4 Rd8 23. Kg2 b5 24. a3 a5 25. Bg5 Rb8 26. Rad1 b4 27. axb4
axb4 28. Bxf6 Bxf6 29. Ne4 Bxb2 30. Nxd6 Rc2+ 31. Nf2 b3 32. Nde4 f5 33. gxf5
gxf5 34. Nd2 Kf7 35. f4 Bb5 36. Rfe1 Bd4 37. Nh3 Bc3 38. Ng5+ Kf8 39. Ngf3 b2
40. Kh1 Rd8 41. Nb3 Bxe1 42. Nxe1 Rxd5 0-1

[Event " ch n1"]
[Site "Deauville"]
[Date "2006.10.15"]
[Round "1.8"]
[White "Petit, Eric-Thierry"]
[Black "Basic, Bosko"]
[Result "1-0"]
[WhiteElo "2119"]
[BlackElo "2020"]
[PlyCount "67"]
[EventDate "2006.10.15"]

1. c4 e6 2. Nc3 g6 3. Nf3 Bg7 4. g3 Nf6 5. e4 c5 6. Bg2 d6 7. d4 cxd4 8. Nxd4
O-O 9. Be3 a6 10. O-O Qc7 11. Rc1 Nc6 12. h3 Bd7 13. Nd5 exd5 14. cxd5 Rac8 15.
dxc6 bxc6 16. Ne2 Be6 17. Nc3 Rb8 18. b3 Qd7 19. Kh2 Rfd8 20. Qf3 d5 21. Bg5
Nxe4 22. Nxe4 dxe4 23. Qxe4 Bd5 24. Qd3 Re8 25. Rfd1 h6 26. Be3 Red8 27. Qxa6
Ra8 28. Qe2 Qe7 29. Qc2 Qa3 30. Kg1 Qxa2 31. Qxa2 Rxa2 32. Rxc6 Ra1 33. Rcc1
Rxc1 34. Bxc1 1-0

[Event " ch N1"]
[Site "Guingamp"]
[Date "2006.10.15"]
[Round "1.1"]
[White "Le Roux, Jean-Pierre"]
[Black "Petkov, Vladimir"]
[Result "1-0"]
[WhiteElo "2494"]
[BlackElo "2443"]
[PlyCount "49"]
[EventDate "2006.10.15"]

1. e4 c5 2. Nf3 d6 3. d4 cxd4 4. Nxd4 Nf6 5. Nc3 a6 6. Bc4 e6 7. Bb3 Be7 8. g4
h6 9. Rg1 Bd7 10. h4 g6 11. g5 hxg5 12. hxg5 Nh5 13. f4 Nc6 14. f5 Qc8 15. Be3
exf5 16. exf5 Bxf5 17. Nd5 Bd8 18. Qe2 Ne5 19. Nxf5 Qxf5 20. O-O-O O-O 21. Rdf1
Qe4 22. Nf4 Rc8 23. Nxh5 gxh5 24. g6 Ng4 25. Bxf7+ 1-0

[Event " ch N1"]
[Site "Guingamp"]
[Date "2006.10.15"]
[Round "1.2"]
[White "Gerard, Nicolas"]
[Black "Terrieux, Kevin"]
[Result "0-1"]
[WhiteElo "2333"]
[BlackElo "2345"]
[PlyCount "84"]
[EventDate "2006.10.15"]

1. d4 Nf6 2. c4 e6 3. Nc3 Bb4 4. Qc2 O-O 5. a3 Bxc3+ 6. Qxc3 d6 7. g3 Bd7 8.
Bg2 Bc6 9. Nf3 Nbd7 10. O-O b6 11. b4 Bb7 12. Bb2 Qe7 13. Rac1 Ne4 14. Qe3 f5
15. Ng5 Ndf6 16. Nxe4 Nxe4 17. d5 Rae8 18. dxe6 Qxe6 19. Qd4 Qh6 20. e3 Rf7 21.
Qd1 Bc6 22. Bd4 Qe6 23. Qc2 Qc8 24. Rb1 Qa8 25. f3 Ng5 26. Qd1 Bb7 27. a4 c5
28. h4 cxd4 29. hxg5 dxe3 30. Qe2 f4 31. Rb3 $11 d5 32. cxd5 Bxd5 33. Rc3 Qb8
34. Rd1 Qe5 35. Rcd3 fxg3 36. f4 Qxf4 37. Bxd5 Qf2+ 38. Qxf2 gxf2+ 39. Kg2 e2
40. Bxf7+ Kxf7 41. g6+ hxg6 42. Rd7+ Kg8 0-1

[Event " ch N1"]
[Site "Guingamp"]
[Date "2006.10.15"]
[Round "1.3"]
[White "Alanic, Mickael"]
[Black "Delaunay, Sebastien"]
[Result "1/2-1/2"]
[WhiteElo "2236"]
[BlackElo "2346"]
[PlyCount "72"]
[EventDate "2006.10.15"]

1. e4 Nf6 2. d3 e5 3. Nf3 Nc6 4. g3 Bc5 5. Bg2 d6 6. h3 d5 7. Nbd2 dxe4 8. dxe4
O-O 9. O-O a6 10. c3 Qd3 11. Kh2 Re8 12. Ne1 Qd6 13. Qe2 Be6 14. Nc4 Bxc4 15.
Qxc4 Rad8 16. a4 Bb6 17. b4 Qe6 18. Qe2 a5 19. Nc2 Qd7 20. b5 Nb8 21. Qc4 Qe6
22. Na3 Qxc4 23. Nxc4 Rd3 24. f4 Nbd7 25. Rf3 Rxf3 26. Bxf3 exf4 27. Bxf4 Nxe4
28. Nxb6 cxb6 29. Bxe4 Rxe4 30. Rd1 Nf6 31. Rd8+ Re8 32. Rxe8+ Nxe8 33. Be3 Nd6
34. Bxb6 Nc4 35. Bd4 Nb2 36. Bb6 Nc4 1/2-1/2

[Event " ch N1"]
[Site "Guingamp"]
[Date "2006.10.15"]
[Round "1.4"]
[White "Delorme, Alban"]
[Black "Gicquel, Frederic"]
[Result "0-1"]
[WhiteElo "2243"]
[BlackElo "2215"]
[PlyCount "62"]
[EventDate "2006.10.15"]

1. e4 c6 2. d4 d5 3. Nc3 dxe4 4. Nxe4 Bf5 5. Ng3 Bg6 6. f4 e6 7. Nf3 Nd7 8. Bd3
Bd6 9. O-O Ne7 10. c4 O-O 11. Bxg6 hxg6 12. Ng5 Nf6 13. Qf3 Nf5 14. Nxf5 gxf5
15. Be3 Re8 16. Qh3 Qe7 17. Rae1 Qf8 18. Qh4 g6 19. Rf3 Qg7 20. Rh3 Rac8 21.
Qf2 b6 22. c5 Bf8 23. cxb6 axb6 24. Rc1 Ng4 25. Qf3 Nxe3 26. Qxe3 c5 27. Qe1
Qxd4+ 28. Kh1 Qxf4 29. Nf3 Bg7 30. Rh4 Qd6 31. Ng5 Rcd8 0-1

[Event " ch N1"]
[Site "Guingamp"]
[Date "2006.10.15"]
[Round "1.5"]
[White "Vincent, Damien"]
[Black "Rihouay, Clement"]
[Result "1-0"]
[WhiteElo "2229"]
[BlackElo "2198"]
[PlyCount "85"]
[EventDate "2006.10.15"]

1. e4 c5 2. Nf3 d6 3. c3 Nf6 4. h3 Nbd7 5. Bd3 b6 6. O-O Bb7 7. Re1 g6 8. Bc2
Bg7 9. d4 O-O 10. Bf4 b5 11. Nbd2 Qb6 12. Qe2 Rfe8 13. Rad1 a6 14. a3 e5 15.
dxe5 dxe5 16. Be3 Qc7 17. c4 Bc6 18. Nh2 Qb7 19. f3 Nh5 20. Nb3 Qc7 21. Qf2
bxc4 22. Nxc5 Nxc5 23. Bxc5 Nf4 24. Ng4 Ne6 25. Bd6 Qb7 26. Bxe5 Bxe5 27. Nxe5
Bb5 28. Ng4 Qe7 29. e5 Red8 30. Nf6+ Kg7 31. Qh4 h6 32. Kh2 a5 33. f4 Nd4 34.
Be4 Rab8 35. Qg3 Ba4 36. Rd2 Nf3+ 37. Bxf3 Rxd2 38. f5 Bc2 39. Ne4 Qd8 40. Nxd2
Qxd2 41. f6+ Kh7 42. e6 Re8 43. Bc6 1-0

[Event " ch N1"]
[Site "Guingamp"]
[Date "2006.10.15"]
[Round "1.6"]
[White "Miraoui, Karim"]
[Black "Alanic, Xavier"]
[Result "1/2-1/2"]
[WhiteElo "2095"]
[BlackElo "2235"]
[PlyCount "129"]
[EventDate "2006.10.15"]

1. d4 Nf6 2. c4 e6 3. Nf3 d5 4. Nc3 Nbd7 5. Bg5 Be7 6. e3 O-O 7. cxd5 exd5 8.
Bd3 Re8 9. O-O Nf8 10. Qc2 g6 11. h3 Ne6 12. Bh4 c6 13. Rab1 c5 14. Bb5 Rf8 15.
dxc5 Nxc5 16. Nd4 a6 17. Be2 Be6 18. Bf3 Rc8 19. Qd1 Qd7 20. Nxe6 fxe6 21. b4
Nce4 22. Nxe4 Nxe4 23. Bxe4 Bxh4 24. Qg4 Bxf2+ 25. Rxf2 Rxf2 26. Kxf2 Rc4 27.
Rd1 Qf7+ 28. Kg1 Rxe4 29. Qg3 Rc4 30. Qd6 Rc7 31. Rf1 Qe7 32. Qe5 Rc8 33. h4
Re8 34. h5 Qg7 35. Qh2 e5 36. h6 Qe7 37. Qh3 Qe6 38. Qh4 Qe7 39. Qg4 d4 40. Qe4
Qd7 41. Kh1 b5 42. Rd1 Qf5 43. Qxf5 gxf5 44. exd4 exd4 45. Rxd4 Re6 46. Rd7
Rxh6+ 47. Kg1 Rc6 48. Ra7 h6 49. Kh2 f4 50. Kg1 h5 51. Kh2 Kf8 52. a3 Rg6 53.
Rh7 Rg3 54. Rxh5 Rxa3 55. Rf5+ Ke7 56. Rxf4 Ra4 57. Rh4 Kf6 58. Rh6+ Ke5 59.
Kh3 Rxb4 60. Rxa6 Rb1 61. g4 b4 62. Ra5+ Ke4 63. g5 b3 64. Rb5 Kf3 65. Rf5+
1/2-1/2

[Event " ch N1"]
[Site "Guingamp"]
[Date "2006.10.15"]
[Round "1.7"]
[White "Bodenez, Vincent"]
[Black "Marchadour, Claire"]
[Result "1-0"]
[WhiteElo "2197"]
[BlackElo "2074"]
[PlyCount "133"]
[EventDate "2006.10.15"]

1. e4 c5 2. Na3 Nc6 3. Bb5 Qb6 4. c3 Nf6 5. d3 e6 6. f4 d6 7. Nf3 a6 8. Ba4 Qc7
9. O-O b5 10. Bc2 Be7 11. Qe2 b4 12. Nc4 d5 13. Nce5 O-O 14. Nxc6 Qxc6 15. e5
Nd7 16. d4 f5 17. exf6 Nxf6 18. Ne5 Qb6 19. Be3 cxd4 20. cxd4 a5 21. Rf3 Ba6
22. Qf2 Rac8 23. Re1 Qc7 24. Bb1 a4 25. Rh3 Ne4 26. Qf3 Ng5 27. Bxh7+ Nxh7 28.
Qh5 Qc2 29. Ng6 Bf6 30. Qxh7+ Kf7 31. Ne5+ Ke8 32. Ng6 Bd3 33. Rg3 Bxg6 34.
Rxg6 Kf7 35. f5 exf5 36. Rxf6+ Kxf6 37. Qh5 f4 38. Bxf4 Qf5 39. Be5+ Ke6 40.
Bg3+ Kd7 41. Qe2 Qf6 42. Be5 Qe6 43. Qb5+ Qc6 44. Qxb4 Rf7 45. h3 Rcf8 46. Qa5
Ra8 47. Qd2 Rc8 48. Qe2 Qc2 49. Qb5+ Qc6 50. Qb4 Re7 51. Rf1 Ke8 52. Bxg7 Qc4
53. Qd6 Qxf1+ 54. Kxf1 Rc1+ 55. Kf2 Rxg7 56. Qe6+ Kf8 57. g4 Rc2+ 58. Kg3 Rxb2
59. Qxd5 Rf7 60. Qd6+ Kg7 61. Qe5+ Kf8 62. g5 Rxa2 63. g6 Ra3+ 64. Kg4 Rff3 65.
h4 Rg3+ 66. Kh5 Raf3 67. Kh6 1-0

[Event " ch N1"]
[Site "Guingamp"]
[Date "2006.10.15"]
[Round "1.8"]
[White "Murie, Eric"]
[Black "Le Diouron, Aurelie"]
[Result "0-1"]
[WhiteElo "2078"]
[BlackElo "2005"]
[PlyCount "90"]
[EventDate "2006.10.15"]

1. e4 e5 2. Nf3 Nc6 3. Bb5 a6 4. Ba4 Nf6 5. O-O b5 6. Bb3 Be7 7. Re1 d6 8. c3
O-O 9. h3 Re8 10. d3 Bf8 11. Ng5 Re7 12. Nd2 Na5 13. Bc2 h6 14. Ngf3 d5 15. d4
exd4 16. cxd4 dxe4 17. Nxe4 Nd5 18. Bd2 Nc4 19. b3 Nxd2 20. Qxd2 Re6 21. Nc5
Rf6 22. Ne5 Bf5 23. Bxf5 Rxf5 24. a4 Nf4 25. Qe3 Qg5 26. g4 Bxc5 27. Qe4 Nxh3+
28. Kh2 Rxf2+ 29. Kxh3 Re8 30. dxc5 Rxe5 31. Qxe5 Rf3+ 32. Qg3 Rxg3+ 33. Kxg3
h5 34. axb5 Qxg4+ 35. Kf2 axb5 36. Rac1 h4 37. Re3 Qf4+ 38. Ke2 h3 39. Rh1 Qg4+
40. Kd3 Qf5+ 41. Kd4 Qf4+ 42. Kd3 h2 43. Ke2 g5 44. Rf3 Qe4+ 45. Kf2 g4 0-1

[Event " ch N1"]
[Site "Niort"]
[Date "2006.10.15"]
[Round "1.1"]
[White "David, Vincent"]
[Black "Inkiov, Ventzislav"]
[Result "1/2-1/2"]
[WhiteElo "2371"]
[BlackElo "2523"]
[PlyCount "83"]
[EventDate "2006.10.15"]

1. d4 Nf6 2. c4 e6 3. Nf3 Bb4+ 4. Bd2 Qe7 5. g3 O-O 6. Bg2 Bxd2+ 7. Qxd2 d6 8.
Nc3 e5 9. O-O Re8 10. e4 Bg4 11. Ne1 Nc6 12. Nc2 Nxd4 13. Nxd4 exd4 14. Qxd4
Qe5 15. Qd2 Qh5 16. Rae1 Bh3 17. Nd5 Nxd5 18. cxd5 Re7 19. Re3 Rae8 20. Rfe1
Bxg2 21. Kxg2 Qg6 22. Qd4 h5 23. h4 c6 24. dxc6 bxc6 25. b4 c5 26. bxc5 dxc5
27. Qxc5 Rxe4 28. Qxa7 Rxe3 29. Rxe3 Qc6+ 30. Kh2 Ra8 31. Rc3 $11 Qd5 32. Qc5
Qxa2 33. Qf5 f6 34. Rc8+ Rxc8 35. Qxc8+ Kh7 36. Qc5 Qe6 37. Qd4 Qf5 38. Kg2 Kg8
39. Qd8+ Kf7 40. Qc7+ Kf8 41. Qd8+ Kf7 42. Qc7+ 1/2-1/2

[Event " ch N1"]
[Site "Niort"]
[Date "2006.10.15"]
[Round "1.2"]
[White "Bedouin, Xavier"]
[Black "Tranchant, Sebastien"]
[Result "1/2-1/2"]
[WhiteElo "2342"]
[BlackElo "2209"]
[PlyCount "38"]
[EventDate "2006.10.15"]

1. e4 c5 2. Nf3 d6 3. c3 Nf6 4. Be2 g6 5. O-O Bg7 6. Bb5+ Bd7 7. Bxd7+ Nbxd7 8.
Re1 e5 9. d4 O-O 10. dxe5 dxe5 11. Qb3 Qc7 12. Nbd2 h6 13. Nc4 Rab8 14. a4 b6
15. Qb5 Ra8 16. Qa6 Nb8 17. Qb5 Nbd7 18. Qa6 Nb8 19. Qb5 Nbd7 1/2-1/2

[Event " ch N1"]
[Site "Niort"]
[Date "2006.10.15"]
[Round "1.3"]
[White "Lagarde, Maxime"]
[Black "Picard, Romain"]
[Result "1/2-1/2"]
[WhiteElo "2154"]
[BlackElo "2318"]
[PlyCount "20"]
[EventDate "2006.10.15"]

1. e4 e6 2. d4 d5 3. Nc3 Bb4 4. Nge2 Nf6 5. Bg5 dxe4 6. a3 Be7 7. Bxf6 Bxf6 8.
Nxe4 O-O 9. Qd3 e5 10. Qf3 Nd7 $11 1/2-1/2